000
00311nam a22001337a 4500
003
SGT
082
_a
616.5
_b
C16S
100
_a
SINGAL, ARCHANA
245
_a
COMPREHENSIVE APPROACH TO INFECTION IN DERMATOLOGY
260
_a
INDIA
_b
JAYPEE
_c
2016
300
_a
549
650
_a
DERMATOLOGY
942
_2
ddc
_c
BK
999
_c
14611
_d
14611